1897 1180 1342 1263 1858 1188 1645 1689 1879 1129 1032 1472 1391 1722 1834 1770 1675 1478 1392 1017 1871 1165 1103 1348 1648 1075 1778 1447 1353 1875 1073 1919 1593 1767 1137 1235 1991 1523 1254 1074 1349 1582 1698 1295 1197 1239 1813 1019 1554 1392 1570 1699 1028 1653 1092 1184 1878 1569 1796 1628 1033 1263 1024 1252 1067 1269 1271 1198 1189 1582 1579 1724 1533 1032 1156 1320 1527 1035 1865 1130 1933 1571 1368 1503 1620 1840 1852 1656 1857 1712 1348 1203 1616 1427 1527 1414 1959 1663 1753 BCNSPRNW ULIB Ver.6.0+V

เปลี่ยนเป็นภาษาไทย

Change to English
 แสดงรายละเอียดบรรณานุกรม
  กลับหน้าหลัก

Brief Record : Get Marc (ISO 2709) : E-mail record : QR code < ปิดหน้าต่าง
LEADER : 00000nam 2200000uu 4500
001    13399112125
003     ULIB
008    110221s2541||||th 000 0 tha d
020    97429114
060 04 WC534^bศ616ข 2541
100 0  ศิริเพ็ญ กัลยาณรุจ
245 00 ไข้เลือดออก : การดูแลและรักษา /^cศิริเพ็ญ กัลยาณรุจ
250    พิมพ์ครั้งที่ 1
260    กรุงเทพฯ :^bดีไซร์,^c2541
300    109 หน้า :^bภาพประกอบ
650  7 ไข้เลือดออก
650  7 ไข้เลือดออก^xผู้ป่วย^xการดูแล
945    ^p0^l0^i010561
945    ^p0^l0^i010562
945    ^p0^l0^i010563
945    ^p0^l0^i010564
945    ^p0^l0^i010565
995    ทศพร
999 ^a ใช้งานได้ทุกระบบ
รายการนี้ยังไม่มีแท็ก
คุณยังไม่ได้ล็อกอิน คุณสามารถมีกิจกรรมร่วมกับเว็บไซต์ได้ แต่ต้องล็อกอินก่อน ::
  ล็อกอิน

รายการสื่อสารสนเทศ

ลำดับที่ ประเภท เลขเรียก/บาร์โค้ด สถานที่ สถานะ
- ไม่พบข้อมูล -

รายการใกล้เคียง
    ผู้แต่ง [ศิริเพ็ญ กัลยาณรุจ]

    หัวเรื่อง [ไข้เลือดออก]

BibComment


ยังไม่เคยถูกคอมเมนท์

คอมเมนท์ทรัพยากรรายการนี้
  คอมเมนท์: ไข้เลือดออก การด..


 Copyright 2026. Bcnsprnw @Library